Cesta späť

Bibliographic Details
Main Author: Košťálová, Marcela, 1950- (Author)
Format: Article
Language:Slovak
Subjects:

MARC

LEADER 00000nab a2200000 a 4500
001 vtls000393046
003 SK-MaSNL
005 20260303210530.0
008 230814c1990 xo 0 slo
015 |a SNBRB19rr/mm-uuuuu 
035 |a CL0393170 
040 |a SNKBUCL  |b slo  |c SNKBUCL  |e AACR2 
041 0 |a slo 
044 |a xo  |c SK 
080 |a 7.097  |2 1981 
100 1 |a Košťálová, Marcela,  |d 1950-  |4 aut  |9 209538 
245 1 0 |a Cesta späť  |c Marcela Košťálová ; Otto Zelenka, František Filip, Ota Dub 
500 |a (Scenár Ota Zelenka podľa rovnomenného románu Ota Duba. Réžia František Filip.) 
600 1 7 |a Zelenka, Otto,  |d 1931-2013  |2 snkbucl  |9 157190 
610 2 7 |a Československá televize  |2 SNKKA  |9 227058 
655 7 |a články z novín a časopisov  |2 snkbucl  |9 267496 
773 0 |t Literárny týždenník  |g Roč. 3, č. 33 (1990), s. 14 
850 |a Slovenská národná knižnica v Martine  |a MTA001 
852 |a SNK  |b KIS3GCP 
957 |a 3100 
958 |a RK 
958 |a CZ 
999 |c 2200586  |d 2202516